Co włożymy do Koszyka Wielkanocnego? - Statystyki

Ogólne statystyki
  • Ten quiz został rozwiązany 463 razy
  • Średni wynik to 5 z 8
Statystyki odpowiedzi
Pokarm % Poprawnych
Jajko
89%
Sól
89%
Chleb
80%
Pieprz
68%
Wędlina
57%
Baranek
53%
Ciasto
23%
Ser
18%
Nie znaleziono quizów pasujących do podanych kryteriów
Rozkład punktacji
Procent ludzi z każdym wynikiem
Percentyl według liczby udzielonych odpowiedzi
Twoja historia wyników
Nie rozwiązałeś tego quizu